000 00906nab a2200253 u 4500
001 18948
003 HDC
007 cr bn ---aaaaa
008 210228c |r|noo 0 a d
040 _aHDC
100 _aDayana Sobri,
_eauthor
_914253
245 0 _aALADDIN GROUP ANNOUNCES PLANS FOR FIRST PREMIUM QUALITY PRODUCTS AND HALAL E-MARKETPLACE IN SINGAPORE /
_cby Dayana Sobri
260 _a[No place] :
_b[publisher not identified],
_c2016
336 _atext
_2rdacontent
337 _acomputer
_2rdamedia
338 _aonline resource
_2rdacarrier
650 _aHalal market
_9582
650 _aProduct quality
_95144
710 _aYAHOO! SINGAPORE NEWS
856 _zRequest full-text at [email protected]
942 _2lcc
942 _cNEWS
942 _kNWSO 009647
999 _c16264
_d16264